000 00756nam a2200205Ia 4500
999 _c59615
_d59615
003 GCL
005 20240530110307.0
008 140319s1992 sy d 000 0 ara d
040 _aGCL /
_cGCL
082 0 4 _a912.198/
_bع أ
100 0 _aعدنان العطار
245 1 2 _aالاطلس التاريخى للعالمين العربى والاسلامى من اقدم العصور الى اليوم /
_cعدنان العطار
260 _aدمشق :
_bدار سعد الدين،
_c1992.
300 _a150 ص. :
_bخرائط ؛
_c24 سم.
490 _aماذا اعرف
_v0
650 0 7 _2qrmak
_aالعالم الاسلامى
_xاطالس
650 0 7 _2qrmak
_aالخرائط
650 0 7 _2qrmak
_aالاطالس التاريخية
942 _2ddc
_cREF